<?xml version="1.0" encoding="UTF-8"?>
<record
    xmlns:xsi="http://www.w3.org/2001/XMLSchema-instance"
    xsi:schemaLocation="http://www.loc.gov/MARC21/slim http://www.loc.gov/standards/marcxml/schema/MARC21slim.xsd"
    xmlns="http://www.loc.gov/MARC21/slim">

  <leader>01715nam a22003017a 4500</leader>
  <controlfield tag="005">20100816104256.0</controlfield>
  <datafield tag="010" ind1=" " ind2=" ">
    <subfield code="a">ENG-100484         B-427583-587</subfield>
  </datafield>
  <datafield tag="020" ind1=" " ind2=" ">
    <subfield code="a">9788188965601</subfield>
    <subfield code="c">375.00</subfield>
  </datafield>
  <datafield tag="020" ind1=" " ind2=" ">
    <subfield code="a">818896560X</subfield>
    <subfield code="c">375.00</subfield>
  </datafield>
  <datafield tag="035" ind1=" " ind2=" ">
    <subfield code="a">EN-84017</subfield>
  </datafield>
  <datafield tag="035" ind1=" " ind2=" ">
    <subfield code="a">B-427583-587</subfield>
  </datafield>
  <datafield tag="037" ind1=" " ind2=" ">
    <subfield code="b">DBAD/PUB</subfield>
  </datafield>
  <datafield tag="037" ind1=" " ind2=" ">
    <subfield code="b">Virtuous Publications</subfield>
  </datafield>
  <datafield tag="082" ind1=" " ind2=" ">
    <subfield code="a">810</subfield>
  </datafield>
  <datafield tag="100" ind1=" " ind2=" ">
    <subfield code="a">Thapar, Romila</subfield>
    <subfield code="9">31564</subfield>
  </datafield>
  <datafield tag="245" ind1=" " ind2=" ">
    <subfield code="a">Sakuntala :</subfield>
    <subfield code="b">texts, reading, histories /</subfield>
    <subfield code="c">by Romila Thapar</subfield>
  </datafield>
  <datafield tag="260" ind1=" " ind2=" ">
    <subfield code="a">New Delhi</subfield>
    <subfield code="b">Women Unlimited</subfield>
    <subfield code="c">2010</subfield>
  </datafield>
  <datafield tag="270" ind1=" " ind2=" ">
    <subfield code="a">K-36, Haus Khas Enclave</subfield>
    <subfield code="b">New Delhi</subfield>
    <subfield code="e">110020</subfield>
  </datafield>
  <datafield tag="300" ind1=" " ind2=" ">
    <subfield code="a">271p.</subfield>
    <subfield code="c">21cm (pbk)</subfield>
  </datafield>
  <datafield tag="942" ind1=" " ind2=" ">
    <subfield code="2">ddc</subfield>
    <subfield code="c">EN</subfield>
    <subfield code="h">810</subfield>
    <subfield code="m">THA</subfield>
  </datafield>
  <datafield tag="999" ind1=" " ind2=" ">
    <subfield code="c">42061</subfield>
    <subfield code="d">42061</subfield>
  </datafield>
  <datafield tag="952" ind1=" " ind2=" ">
    <subfield code="0">0</subfield>
    <subfield code="1">0</subfield>
    <subfield code="4">0</subfield>
    <subfield code="7">1</subfield>
    <subfield code="8">NFIC</subfield>
    <subfield code="a">DBAD</subfield>
    <subfield code="b">DBAD</subfield>
    <subfield code="d">2010-08-16</subfield>
    <subfield code="e">DBAD/PUB</subfield>
    <subfield code="g">375.00</subfield>
    <subfield code="l">0</subfield>
    <subfield code="o">810 THA</subfield>
    <subfield code="p">EN-84017</subfield>
    <subfield code="r">2010-08-16 00:00:00</subfield>
    <subfield code="t">1</subfield>
    <subfield code="v">375.00</subfield>
    <subfield code="w">2010-08-16</subfield>
    <subfield code="y">EN</subfield>
  </datafield>
  <datafield tag="952" ind1=" " ind2=" ">
    <subfield code="0">0</subfield>
    <subfield code="1">0</subfield>
    <subfield code="4">0</subfield>
    <subfield code="7">0</subfield>
    <subfield code="8">NFIC</subfield>
    <subfield code="a">L</subfield>
    <subfield code="b">L</subfield>
    <subfield code="d">2011-08-05</subfield>
    <subfield code="e">Virtuous Publications/86/24.3.11/74/4.3.11/29.3.11</subfield>
    <subfield code="g">375.00</subfield>
    <subfield code="l">2</subfield>
    <subfield code="o">810 THA</subfield>
    <subfield code="p">B-427583</subfield>
    <subfield code="q">2017-10-17</subfield>
    <subfield code="r">2017-10-03 00:00:00</subfield>
    <subfield code="s">2017-10-03</subfield>
    <subfield code="t">1</subfield>
    <subfield code="v">375.00</subfield>
    <subfield code="w">2011-08-05</subfield>
    <subfield code="y">EN</subfield>
  </datafield>
  <datafield tag="952" ind1=" " ind2=" ">
    <subfield code="0">0</subfield>
    <subfield code="1">0</subfield>
    <subfield code="4">0</subfield>
    <subfield code="7">0</subfield>
    <subfield code="8">NFIC</subfield>
    <subfield code="a">BL1</subfield>
    <subfield code="b">BL1</subfield>
    <subfield code="d">2011-08-05</subfield>
    <subfield code="e">Virtuous Publications/86/24.3.11/74/4.3.11/29.3.11</subfield>
    <subfield code="g">375.00</subfield>
    <subfield code="l">4</subfield>
    <subfield code="o">810 THA</subfield>
    <subfield code="p">B-427584</subfield>
    <subfield code="r">2025-10-08 00:00:00</subfield>
    <subfield code="s">2025-09-15</subfield>
    <subfield code="t">1</subfield>
    <subfield code="v">375.00</subfield>
    <subfield code="w">2011-08-05</subfield>
    <subfield code="y">EN</subfield>
  </datafield>
  <datafield tag="952" ind1=" " ind2=" ">
    <subfield code="0">0</subfield>
    <subfield code="1">0</subfield>
    <subfield code="4">0</subfield>
    <subfield code="7">0</subfield>
    <subfield code="8">NFIC</subfield>
    <subfield code="a">ZLS</subfield>
    <subfield code="b">ZLS</subfield>
    <subfield code="d">2011-08-05</subfield>
    <subfield code="e">Virtuous Publications/86/24.3.11/74/4.3.11/29.3.11</subfield>
    <subfield code="g">375.00</subfield>
    <subfield code="l">1</subfield>
    <subfield code="o">810 THA</subfield>
    <subfield code="p">B-427585</subfield>
    <subfield code="r">2021-01-25 00:00:00</subfield>
    <subfield code="s">2021-01-11</subfield>
    <subfield code="t">1</subfield>
    <subfield code="v">375.00</subfield>
    <subfield code="w">2011-08-05</subfield>
    <subfield code="y">EN</subfield>
  </datafield>
  <datafield tag="952" ind1=" " ind2=" ">
    <subfield code="0">0</subfield>
    <subfield code="1">0</subfield>
    <subfield code="4">0</subfield>
    <subfield code="7">0</subfield>
    <subfield code="8">NFIC</subfield>
    <subfield code="a">BL3</subfield>
    <subfield code="b">BL3</subfield>
    <subfield code="d">2011-08-05</subfield>
    <subfield code="e">Virtuous Publications/86/24.3.11/74/4.3.11/29.3.11</subfield>
    <subfield code="g">375.00</subfield>
    <subfield code="l">0</subfield>
    <subfield code="o">810 THA</subfield>
    <subfield code="p">B-427586</subfield>
    <subfield code="r">2011-08-05 00:00:00</subfield>
    <subfield code="t">1</subfield>
    <subfield code="v">375.00</subfield>
    <subfield code="w">2011-08-05</subfield>
    <subfield code="y">EN</subfield>
  </datafield>
  <datafield tag="952" ind1=" " ind2=" ">
    <subfield code="0">0</subfield>
    <subfield code="1">0</subfield>
    <subfield code="4">0</subfield>
    <subfield code="7">0</subfield>
    <subfield code="8">NFIC</subfield>
    <subfield code="a">BL4</subfield>
    <subfield code="b">BL4</subfield>
    <subfield code="d">2011-08-05</subfield>
    <subfield code="e">Virtuous Publications/86/24.3.11/74/4.3.11/29.3.11</subfield>
    <subfield code="g">375.00</subfield>
    <subfield code="l">1</subfield>
    <subfield code="m">1</subfield>
    <subfield code="o">810 THA</subfield>
    <subfield code="p">B-427587</subfield>
    <subfield code="r">2023-06-01 00:00:00</subfield>
    <subfield code="s">2023-05-04</subfield>
    <subfield code="t">1</subfield>
    <subfield code="v">375.00</subfield>
    <subfield code="w">2011-08-05</subfield>
    <subfield code="y">EN</subfield>
  </datafield>
</record>
